000 00784cam a22002651 4500
001 ne 62001687
003 DLC
005 20260227111738.0
008 830610m19569999ua a 000 0 eng
010 _ane 62001687
035 _a(OCoLC)9597439
040 _aDLC
_cMWalB
_dMnSU
_dDLC
042 _apremarc
043 _af-ua---
050 0 0 _aQK403
_b.M8
100 1 _aMontasir, 'Abd al-Halim,
_d1908-
245 1 0 _aIllustrated manual flora of Egypt,
_cby A. H. Montasir [and] M. Hassib.
250 _a1st ed.
260 _a[Cairo]
_bA'in Shams University, Faculty of Science,
_c1956-
300 _a v.
_billus.
_c25 cm.
500 _aT. P. also in Arabic.
505 0 _aPt. 1. Dicotyledons.
650 0 _aBotany
_zEgypt.
700 1 _aHasib, Muhammad,
_d1908-
_ejoint author.
999 _c45344
_d45344